02021nam a2200277Ia 4500001000600000003000900006008004100015040001300056040001300069041001200082100001700094100002900111242005300140242003400193242000800227245006500235245006500300250001100365260001100376260002600387260004900413300005500462500117100517650002401688650003101712D4970IT-RoPAU130308s9999 xx 000 0 und d aIT-RoPAU cIT-RoPAU aINGLESE aMoores Shaun gCodice Aut. SPICS: 38331 aCONSUMO DEI MEDIA (IL). UN APPROCCIO ETNOGRAFICO nCod. Traduzione Titolo: F1971 yITA aInterpreting Audiences. The Ethnography of Media Consumption bInterpreting Audiences. The Ethnography Of Media Consumption a1a ed. aLONDON bSage Publications Ltd c1993 [1° Ed.:1993 - Ed.Ling.Originale:1993] a"160 p. (prefazione: 6; testo: 154 [pagine: 0-0])" aInterpretazione delle Audiences: Etnografia del consumo dei Media. Approccio al Problema delle Audiences: Etnografia Come un Metodo d'inchiesta Culturale, Modelli di preferenza e Contesti di Consumo. Ideologia Soggettività e Decodificazione, Modello di codificazione e Decodificazione, Interpretazione delle informazioni televisive e Affari Correnti, Riformulazione di un Ascolto Etnografico. Gusto, Contesto e Pratica Etnografica: Verso un'antropologia dei consumi Quotidiani, Genere Stile e Contesto di Lettura, Potere delle relazioni delle Vedute di Famiglia, Sui Bambini che Guardano la Televisione, Etnografia e politiche di Ricerca. Media tecnologia e Vita Domestica:Conoscenza della tecnologia e Rapporto di Società, Primi Tampi della Radio e Formazione dell'audience Familiare, televisioni video computers e Telefoni, tecnologie di Consumo: progetto Hict, satellite tv Come Segno Culturale. consumo Culturale: Sociologia del gusto di Pierre Bourdieu, segmentazione del mercato nella sfera Commerciale, Michel De Certau e le Tattiche Dellaresistenza Popolare, Stile Senso e giovane Sottocultura, Creatività e Vincoli nella Vita Quotidiana. Bibliografia. aTEORICHE TELEVISIVE eCodice materia Spics: 6955